LEADER 01062nam0 22002891i 450 001 RML0287184 005 20231121125733.0 010 $a3540207228 100 $a20121121d2004 ||||0itac50 ba 101 | $aeng 102 $ade 181 1$6z01$ai $bxxxe 182 1$6z01$an 200 1 $aNonparametric and semiparametric models$fWolfgang Härdle...[et al.] 210 $aBerlin [etc.] $cSpringer $d©2004 215 $aXXVII,299 p.$cgraf.$d24 cm 606 $aStatistica$xModelli matematici$2FIR$3SBLC069015$9I 676 $a519.53$9$v20 702 1$aHärdle$b, Wolfgang$3RMLV185517 801 3$aIT$bIT-01$c20121121 850 $aIT-FR0098 899 $aBiblioteca Area Giuridico Economica$bFR0098 912 $aRML0287184 950 0$aBiblioteca Area Giuridico Economica$d 53TER 519.53/14$e 53VM 0000569665 VM barcode:ECO012603. - Inventario:6632. - Fondo:Sala consultazioneVM$fA $h20050725$i20121204 977 $a 53 996 $aNonparametric and semiparametric models$9258202 997 $aUNICAS